Central Library OPAC University of Rajshahi

Rocks and mineral deposits / (Record no. 70434)

MARC details
000 -LEADER
fixed length control field 00791nam a2200253 a 4500
001 - CONTROL NUMBER
control field 70434
003 - CONTROL NUMBER IDENTIFIER
rucl marc code BD-RjUL
005 - DATE AND TIME OF LATEST TRANSACTION
control field 20211209082010.0
008 - FIXED-LENGTH DATA ELEMENTS--GENERAL INFORMATION
fixed length control field 170417s1954 caua 000 0 eng d
035 ## - SYSTEM CONTROL NUMBER
System control number (BD-RjUL)70648
040 ## - CATALOGING SOURCE
Original cataloging agency BUQ
Transcribing agency BUQ
Modifying agency EQO
-- BD-RjUL
Language of cataloging eng
041 ## - LANGUAGE CODE
Language code of text/sound track or separate title eng
082 ## - DEWEY DECIMAL CLASSIFICATION NUMBER
Edition number 23
Classification number 549
Author mark and year NIR 1954
100 1# - MAIN ENTRY--PERSONAL NAME
Personal name Niggli, Paul
Dates associated with a name 1888-1953.
9 (RLIN) 208524
245 10 - TITLE STATEMENT
Title Rocks and mineral deposits /
Statement of responsibility, etc. Paul Niggli ; English translation by Robert L. Parker
260 ## - PUBLICATION, DISTRIBUTION, ETC. (IMPRINT)
Place of publication, distribution, etc. San Francisco :
Name of publisher, distributor, etc. Freeman,
Date of publication, distribution, etc. 1954.
300 ## - PHYSICAL DESCRIPTION
Pagination vi, 559 p. :
Illustrations ill. ;
Size 22 cm.
490 1# - SERIES STATEMENT
Series statement A Series of geology texts
500 ## - GENERAL NOTE
General note Includes Indexes
650 ## - SUBJECT ADDED ENTRY--TOPICAL TERM
Topical term or geographic name as entry element Mineralogy
9 (RLIN) 208525
700 1# - ADDED ENTRY--PERSONAL NAME
Personal name Parker, Robert Lüling,
Dates associated with a name 1893-
Fuller form of name tr.
830 #0 - SERIES ADDED ENTRY--UNIFORM TITLE
Uniform title A Series of geology texts
942 ## - ADDED ENTRY ELEMENTS (KOHA)
Source of classification or shelving scheme Dewey Decimal Classification
Koha item type Books
Holdings
Lost status Source of classification or shelving scheme Damaged status Not for loan Collection code Permanent Location Current Location Shelving location Date acquired Source of acquisition Cost, normal purchase price Total Checkouts Full call number Date last seen Copy number Koha item type
  Dewey Decimal Classification   Not For Loan Non-fiction Central Library, University of Rajshahi Central Library, University of Rajshahi Reading Room 23/01/1958 B. H. Black 4.10   549 NIR 1954 17/04/2017 C-1 Books